000 00443nam a22001697a 4500
003 OSt
008 260416b |||||||| |||| 00| 0 eng d
082 _a581.2
_bR17S
100 _aKumar, Ran Avay
245 _aStudies on Mass Multiplication and Formulation of Trichoderma viride
260 _aPusa, Samastipur
_bRAU, Pusa
_c2006
300 _a63P.
502 _bMsc.
_d2006
650 _aPlant Pathology
650 _aMsc.
942 _2ddc
_cT
999 _c50062
_d50062